000 00553nam a2200205 a 4500
001 BRCA_6192
005 20190320205351.0
008 120711s1850----gw-#######---#000-0#eng-#
041 _aeng
044 _agw
050 4 _aDA536 P3
_b.G85
_c1850
245 1 0 _aSir Robert Peel
_cpar Guizot
260 _aBerlín
_bJ. Springer
_c[185-?]
300 _a1 v. (en varias paginaciones)
_c17 cm.
500 _aI52
650 1 4 _aPeel, Sir Robert, bart
_y1788-1850
_915580
651 4 _aInglaterra
_xPolítica económica
_915581
902 _aGFM
942 _2lcc
_cB
999 _c5879
_d5879